| 000 | 00472nam a2200157 4500 | ||
|---|---|---|---|
| 001 | 138285 | ||
| 003 | ES-MaACL | ||
| 005 | 20230906195534.0 | ||
| 007 | t| | ||
| 008 | 070214s1923 ag r ||||1| spa d | ||
| 100 | 1 |
_aSánchez Viamonte, Carlos. _9102981 |
|
| 245 | 1 | 0 |
_aImpresiones de un viaje a Europa _b: por la paz de América / _cCarlos Sánchez Viamonte. |
| 260 |
_aLa Plata : _b[s. n.], _c1923 ( _fImp. El Libro) |
||
| 300 | _a57 p. | ||
| 852 |
_aES-MaACL _j1656-F-12 |
||
| 999 |
_c138285 _d138285 |
||